[Event "UGA-ch op"]
[Site "Kampala"]
[Date "2017.11.12"]
[Round "7"]
[White "Kawuma, Patrick"]
[Black "Bibasa, Bob Gilbert"]
[Result "1-0"]
[WhiteElo "2311"]
[BlackElo "2123"]
[PlyCount "53"]
[EventDate "2017.11.09"]
[EventType "swiss"]
[EventRounds "8"]
[EventCountry "UGA"]
[SourceTitle "EXT 2019"]
[Source "ChessBase"]
[SourceDate "2018.10.10"]
[SourceVersion "1"]
[SourceVersionDate "2018.10.10"]
[SourceQuality "1"]

1. c4 e5 2. Nc3 Nc6 3. Nf3 Bc5 4. e3 d6 5. Be2 a5 6. d4 Ba7 7. 0-0 Nge7 8. b3 0-0 9. dxe5 Nxe5 10. Bb2 Bd7 11. Qd2 Bc6 12. Nd5 Nxd5 13. cxd5 Nxf3+ 14. Bxf3 Bd7 15. Rac1 a4 16. b4 a3 17. Bxa3 Bb6 18. Qc3 f5 19. g3 Qg5 20. Bg2 h5 21. h4 Qg6 22. Ra1 Rfe8 23. Bb2 Re4 24. Kh2 Rg4 25. a3 f4 26. exf4 Rxh4+ 27. gxh4 1-0

[Event "UGA-ch op"]
[Site "Kampala"]
[Date "2017.11.11"]
[Round "6"]
[White "Nsubuga, Haruna"]
[Black "Bibasa, Bob Gilbert"]
[Result "0-1"]
[WhiteElo "2207"]
[BlackElo "2123"]
[PlyCount "73"]
[EventDate "2017.11.09"]
[EventType "swiss"]
[EventRounds "8"]
[EventCountry "UGA"]
[SourceTitle "EXT 2019"]
[Source "ChessBase"]
[SourceDate "2018.10.10"]
[SourceVersion "1"]
[SourceVersionDate "2018.10.10"]
[SourceQuality "1"]

1. e4 Nc6 2. d4 d5 3. e5 Bf5 4. Nf3 e6 5. a3 Nb8 6. Bd3 Bxd3 7. Qxd3 Nd7 8. b4 a5 9. b5 c5 10. bxc6 bxc6 11. a4 c5 12. c3 Ne7 13. 0-0 c4 14. Qc2 Nf5 15. Na3 Be7 16. Nb5 0-0 17. Ba3 Bxa3 18. Rxa3 Rb8 19. Ra2 Rb6 20. g3 Qe7 21. Kg2 f6 22. Re1 fxe5 23. Nxe5 Nxe5 24. Rxe5 Qf7 25. Qe2 Qg6 26. Kh1 h5 27. Ra1 h4 28. Re1 hxg3 29. hxg3 Rf6 30. Rg1 Nh6 31. g4 Nf7 32. Rh5 Ng5 33. Rg3 Qe4+ 34. Qxe4 Nxe4 35. Rg2 Rxf2 36. Kg1 Rxg2+ 37. Kxg2 0-1

[Event "Kireka op"]
[Site "Kireka"]
[Date "2016.12.16"]
[Round "4"]
[White "Bibasa, Bob Gilbert"]
[Black "Katumba, Joshua"]
[Result "1-0"]
[WhiteElo "2109"]
[BlackElo "1862"]
[PlyCount "106"]
[EventDate "2016.12.15"]
[EventType "swiss"]
[EventRounds "8"]
[EventCountry "UGA"]
[SourceTitle "EXT 2018"]
[Source "ChessBase"]
[SourceDate "2017.10.13"]
[SourceVersion "1"]
[SourceVersionDate "2017.10.13"]
[SourceQuality "1"]

1. d4 d5 2. Nc3 e6 3. e4 dxe4 4. Nxe4 Nf6 5. Bg5 Be7 6. Bxf6 Bxf6 7. Nf3 Be7 8. Bd3 Nd7 9. 0-0 c5 10. dxc5 Nxc5 11. Nxc5 Bxc5 12. Bb5+ Bd7 13. Qe2 a6 14. Bxd7+ Qxd7 15. Qe5 Qc6 16. Qxg7 0-0-0 17. Qc3 Rhg8 18. Rad1 Rde8 19. g3 f6 20. Nd4 Bxd4 21. Qxc6+ bxc6 22. Rxd4 Rd8 23. Rfd1 Rxd4 24. Rxd4 Kc7 25. Kf1 Rg5 26. Ke2 Rb5 27. b3 Ra5 28. a4 Rc5 29. Kd3 Rh5 30. h4 Rf5 31. Ke3 Rc5 32. c4 Rh5 33. Rg4 Kd6 34. Rg7 Kc5 35. Ra7 Kb6 36. Rf7 Rh6 37. b4 c5 38. b5 axb5 39. cxb5 f5 40. Rf8 Rg6 41. Rc8 Rg4 42. Rc6+ Ka5 43. Rxc5 Rxa4 44. Re5 Rg4 45. Rxe6 f4+ 46. Kf3 h5 47. Re5 fxg3 48. fxg3 Rb4 49. Rxh5 Kb6 50. Rd5 Ra4 51. h5 Rc4 52. h6 Rc8 53. g4 Rh8 1-0

[Event "Uganda-Nairobi CC"]
[Site "Kampala"]
[Date "2013.05.18"]
[Round "2"]
[White "Bibasa, Bob Gilbert"]
[Black "Atwoli, Joseph"]
[Result "1-0"]
[WhiteElo "2191"]
[BlackElo "2079"]
[PlyCount "87"]
[EventDate "2013.05.18"]
[EventType "schev"]
[EventRounds "4"]
[EventCountry "UGA"]
[SourceTitle "EXT 2018"]
[Source "ChessBase"]
[SourceDate "2017.10.13"]
[SourceVersion "1"]
[SourceVersionDate "2017.10.13"]
[SourceQuality "1"]
[WhiteTeam "Uganda"]
[WhiteTeamCountry "UGA"]

1. d4 d5 2. Nf3 Nc6 3. Bf4 Bf5 4. c3 f6 5. e3 Qd7 6. Bb5 g5 7. Bg3 h5 8. h3 h4 9. Bh2 g4 10. hxg4 Bxg4 11. Nbd2 h3 12. g3 Qf5 13. Qb1 Qh5 14. Nh4 0-0-0 15. Bxc6 bxc6 16. Qd3 Nh6 17. f3 Bf5 18. Qa6+ Kd7 19. Nb3 e5 20. Na5 Bd6 21. 0-0-0 exd4 22. exd4 Qg5+ 23. f4 Bxf4+ 24. gxf4 Qxh4 25. Rhe1 Be4 26. f5 Qg5+ 27. Rd2 Qxf5 28. Bxc7 Rc8 29. Bh2 Ng4 30. Rf1 Qe6 31. Nb7 Nxh2 32. Nc5+ Kd6 33. Rxh2 Qg4 34. Rxf6+ Ke7 35. Rhf2 Qg5+ 36. R6f4 Rc7 37. Nxe4 dxe4 38. Kc2 h2 39. Rf7+ Kd8 40. Rxc7 Kxc7 41. Qxa7+ Kd6 42. Rf7 Qd8 43. Qc5+ Ke6 44. Qf5+ 1-0